000 00446nam a2200181Ia 4500
001 1304
005 20260306143718.0
008 260306t1999||||xx |||||||||||||| ||spa||
041 _aESP
082 _a193
_bK21C
100 _aKant, Immanuel
_eAUT
245 0 _aLa contienda entre las facultades de filosofía y teología
260 _c1999
300 _a62 páginas :
_c23 cm.
650 _aGEN
654 _aCHU
942 _cLIB
_dJUS
_fJUS
_2ddc
_n
999 _c1304
_d1304